000 00980nam a22002177a 4500
999 _c3794
_d3794
005 20251125232749.0
008 s2531 th tha d
040 _aNALT
041 _atha
050 _aDS575.5.L3
_bศ175อ
100 0 _aศรี อินทปันตี
245 1 0 _aเอกสารทางประวัติศาสตร์ สันติภาพไทย-ลาว
260 3 _aกรุงเทพฯ :
_bป.สัมพันธ์พาณิชย์,
_c2531
300 _a207 หน้า :
_bภาพประกอบ, แผนที่
650 0 4 _aลาว -- ความสัมพันธ์กับต่างประเทศ -- ไทย
650 0 4 _aไทย -- ความสัมพันธ์กับต่างประเทศ -- ลาว
700 0 _aศรี อินทปันตี
850 _aNALT
856 4 0 _uhttps://hdl.handle.net/20.500.14156/367374
_71
942 _cGB
_2lcc